000 00705nam a2200241 i 4500
001 10943
003 ES-MaACL
005 20250524063043.0
007 t|
008 921013s1991 sp ||||0| spa d
016 7 _zSIC92007225
020 _a84-87205-12-7
040 _aSIC
_bspa
_cSIC
080 _a860(729.1)-31"19"
100 1 _aMeza, Ramón,
_d1861-1911
_980827
245 1 0 _aMi tío el empleado /
_cRamón Meza.
260 _aMálaga :
_bDador,
_c1991.
300 _a298 p ;
_c21 cm.
490 1 _aColección El ángel de la jiribilla ;
_v12
830 0 _aColección El ángel de la jiribilla ;
_v12
_9178877
852 _aES-MaACL
_jL-18273
_bR.120614
999 _c10943
_d10943